000 01003nas a2200337 4500
001 BR0003100
003 BR-BrBNA
005 20231205101920.0
007 ta
008 230509b bl.|||p| |||| 00| 00por d
040 _aBR-BrBNA
_bpor
_cBiblioteca Nacional de Agricultura
041 _a(Pt)
072 _aQ03
100 1 _aSalle, C.T.P.
100 1 _aRodrigues, O.
100 1 _aBavaresco, A.
100 1 _aLorenzini, G.
100 1 _aSilva, A.B. da
100 1 _aGuahyba, A.
100 1 _aMoraes, H.L. de S.
100 1 _aNascimento, V.P. do
245 1 _aDeteccao de ocratoxina em visceras de frangos de corte, atraves de ensaio imuno-enzimatico
650 _aFrango de Corte
650 _aOcratoxina
650 _aViscera
650 _aELISA
650 _aRio Grande do Sul
773 0 _tRevista Brasileira de Medicina Veterinaria (Brazil)
_xISSN 0100-2430
_g(Jan-Feb 2000), v. 22(1) p. 23-26
_wBR0003100
909 _a202311
_bLúcia
_c55
_dLúcia Elande
942 _2AGRIS
_n0
_cANA
999 _c164687
_d164687